000
00341pab a2200145 454500
008
180718b1999 xxu||||| |||| 00| 0 eng d
100
_a
Legge, Karen
245
_a
Representing people at work
260
_c
1999
300
_a
p.247-64
362
_a
May
650
_a
Human resources development
773
_a
Organization
909
_a
41673
999
_c
41673
_d
41673